The Exodus of law and legal methods (Record no. 1446)

000 -LEADER
fixed length control field 00438nam a22001697a 4500
003 - CONTROL NUMBER IDENTIFIER
control field OSt
005 - DATE AND TIME OF LATEST TRANSACTION
control field 20141119064214.0
008 - FIXED-LENGTH DATA ELEMENTS--GENERAL INFORMATION
fixed length control field 141119b xxu||||| |||| 00| 0 eng d
020 ## - INTERNATIONAL STANDARD BOOK NUMBER
International Standard Book Number 9966031358
050 ## - LIBRARY OF CONGRESS CALL NUMBER
Classification number KA 55 .K4 2013
100 ## - MAIN ENTRY--PERSONAL NAME
Personal name Kiwanda, Yusuf
245 ## - TITLE STATEMENT
Title The Exodus of law and legal methods
Statement of responsibility, etc Yusuf Kiwanda.
260 ## - PUBLICATION, DISTRIBUTION, ETC. (IMPRINT)
Place of publication, distribution, etc Nairobi
Name of publisher, distributor, etc Law Africa
Date of publication, distribution, etc 2013
300 ## - PHYSICAL DESCRIPTION
Extent 277 p.
650 ## - SUBJECT ADDED ENTRY--TOPICAL TERM
Topical term or geographic name as entry element Law and legal methods
942 ## - ADDED ENTRY ELEMENTS (KOHA)
Source of classification or shelving scheme
Koha item type Book
Holdings
Withdrawn status Lost status Source of classification or shelving scheme Damaged status Not for loan Home library Current library Shelving location Date acquired Total Checkouts Total Renewals Full call number Barcode Date last seen Date checked out Copy number Price effective from Koha item type
          Riara University Library Riara University Library General stack 19/11/2014 6 1 KA 55 .K4 2013 5141/14 12/10/2022 29/09/2022 C.1 19/11/2014 Book
          Riara University Library Riara University Library General stack 19/11/2014 3   KA 55 .K4 2013 5142/14 22/09/2022 16/09/2022 C.2 19/11/2014 Book
          Riara University Library Riara University Library General stack 19/11/2014 3   KA 55 .K4 2013 5143/14 21/06/2024 12/06/2024 C.3 19/11/2014 Book
          Riara University Library Riara University Library General stack 19/11/2014 6 1 KA 55 .K4 2013 5144/14 15/11/2021 29/10/2021 C.4 19/11/2014 Book
          Riara University Library Riara University Library General stack 19/11/2014 9 2 KA 55 .K4 2013 5145/14 17/11/2023 01/11/2023 C.5 19/11/2014 Book

Riara University Library,
P.O. Box 49940-00100,
Nairobi, Kenya.